Новаковского Клементия

Доступно только в Электронных читальных залах Найти на картеНа карте
RUSMARC
00003811nac2a22002771x 450
001f28f8752-297d-445e-8bb1-06bc9a765c74
00520131226143935.0
100##$a20130529l1903 k y0rusy50 ca
1010#$arus
102##$aRU
105##$ay z |||||
1220#$ad19031125
2001#$aНоваковского Клементия
$j25 ноября 1903
215##$a2 листа
251##$cДело
300##$aЗаголовок дела на конверте: Письмо Новаковского Клементия Кони Анатолию Федоровичу
300##$aРукописный текст
330##$aПереписка А. Ф. Кони; Письма к А. Ф. Кони
461#0$10013a54f2e3-e9cf-409b-80fa-f0a9bd3c40cb
$12001
$aКони Анатолий Федорович, юрист, литератор, член академии наук, председатель Санкт-Петербургского окружного суда, член государственного совета
$1251
$cФонд
$1852
$j564
462#0$100178a475cd-a47d-4377-bff3-cee4b81de655
$12001
$aОпись дел фонда А. Ф. Кони за 1880-1931 гг.
$1251
$cОпись
$1852
$j1
517##$aПисьмо Новаковского Клементия Кони Анатолию Федоровичу
600#1$aКони
$bА. Ф.
$f1844-1927
$gАнатолий Федорович
600#1$aНоваковский
$bК.
$gКлементий
801#0$aRU
$bGA_RF
801#1$aRU
$bНПО Опыт
$c20130529
$2rusmarc
801#2$aRU
$bПБ им. Б.Н. Ельцина
$c20131226
$gRCR
$2rusmarc
852##$aГА РФ
$j2726
937##$d42542560
$hПБ
035##$aRuPRLIB51003507
Формат отображения